Chris Cornell (RIP) Quiz - Statistics

General Stats
  • This quiz has been taken 165 times
  • The average score is 7 of 15
Answer Stats
Hint Answer % Correct
Alternative rock band he fronted from 1984-1997 and 2010-2017 Soundgarden
93%
Was known as an architect of this music style grunge
89%
Was born and raised in this city Seattle
89%
Group he formed with 3/4 of Rage Against the Machine Audioslave
82%
Band he formed as a tribute to Andrew Wood of Mother Love Bone Temple of the Dog
76%
Had a cameo in this 1992 film Singles
44%
Award-winning song he wrote for Casino Royale You Know My Name
39%
His debut solo album released in 1999 Euphoria Morning
29%
2009 album produced by Timbaland Scream
27%
2007 album featuring a cover of "Billie Jean" Carry On
21%
2015 album produced by Brendan O'Brien Higher Truth
21%
2011 live album Songbook
21%
Song he contributed to the 1998 film Great Expectations Sunshower
20%
Worked with Alain Johannes and Natasha Schneider from this group Eleven
16%
Golden Globe-nominated song from Machine Gun Preacher The Keeper
16%
No matching quizzes found
Score Distribution
Percent of People with Each Score
Percentile by Number Answered
Your Score History
You have not taken this quiz